01269nam a2200253 a 4500008004100000020001500041050001500056100002000071245011000091260004400201300001600245350000900261500018900270650001400459650006500473650005000538650005000588650006600638700002800704710005500732995008800787999001700875952012300892120416s1994 ||||||||||||||||| || u a1555874495 aHC 800 Pol aPicard, Louis A10aPolicy reform for sustainable development in Africa: the institutional imperativecedited by L. A. Picard aLondon:bLynne Rienner Publishersc1994 axiii, 183p. a0.00 a"A project of the IISA, Institut international des sciences administratives = IIAS, International Institute of Administrative Sciences." -Includes bibliographical references and index. 0aECONOMICS aSTRUCTURAL ADJUSTMENT(ECONOMIC POLICY)--AFRICA--CASE STUDIES aAFRICA--POLITICS AND GOVERNMENT--CASE STUDIES aSUSTAINABLE DEVELOPMENT--AFRICA--CASE STUDIES 0aSTRUCTURAL ADJUSTMENT (ECONOMIC POLICY)--AFRICA--CASE STUDIES aGarrity, Michele, 1951- aInternational Institute of Administrative Sciences D0.00FCBU-MAIN LIBRARY (Kitwe)H1I24.50M1UAVAILABLEZAnnex Low-Usage Collection  c53872d53872 00102lcc4070a001b001cAnnex Low-Usage Collection d2022-11-30l0oHC 800 Polp025707r2022-11-30w2022-11-30y002